[Event "Scottish International Open"]
[Site "Edinburgh, Scotland"]
[Date "2015.07.12"]
[Round "2"]
[White "McNab, Colin Anderson"]
[Black "Thorarinsson, Pall A"]
[Result "1-0"]
[WhiteElo "2443"]
[BlackElo "2208"]
[PlyCount "63"]
[EventDate "2015.??.??"]
[Source "ChessScotland"]
[SourceDate "2015.07.19"]
[WhiteClock "0:05:21"]
[BlackClock "0:00:35"]

1. c4 c5 2. g3 g6 3. Bg2 Bg7 4. Nc3 Nc6 5. d3 d6 6. a3 Bd7 7. Bd2 Rb8 8. b4 b6
9. b5 Na5 10. e4 Qc8 11. Nge2 h5 12. h3 Nb7 13. a4 Nd8 14. a5 Ne6 15. axb6 axb6
16. Ra6 Nf6 17. f4 h4 18. g4 Nd4 19. Nxd4 cxd4 20. Na4 Qd8 21. O-O Bc8 22. Ra7
Nd7 23. Qe2 e5 24. Bb4 Bf8 25. Qf2 Rh7 26. Qa2 Rb7 27. Ra8 f6 28. fxe5 fxe5 29.
c5 Nxc5 30. Bxc5 bxc5 31. Nb6 Rxb6 32. Qg8 1-0

[Event "Scottish International Open"]
[Site "Edinburgh, Scotland"]
[Date "2015.07.12"]
[Round "2"]
[White "Petesch, Gabriel N"]
[Black "Farago, Ivan"]
[Result "0-1"]
[WhiteElo "2242"]
[BlackElo "2417"]
[PlyCount "100"]
[EventDate "2015.??.??"]
[Source "ChessScotland"]
[SourceDate "2015.07.19"]
[WhiteClock "0:00:33"]
[BlackClock "0:12:21"]

1. Nf3 c5 2. Nc3 Nc6 3. e3 Nf6 4. d4 d5 5. Ne5 e6 6. Bd3 Bd6 7. Nxc6 bxc6 8.
dxc5 Bxc5 9. O-O Bb4 10. Qe2 O-O 11. Rd1 Qe7 12. e4 Bxc3 13. bxc3 dxe4 14. Bxe4
Nxe4 15. Qxe4 Bb7 16. Be3 c5 17. Qe5 Rac8 18. Rd6 Qc7 19. Bf4 Rfe8 20. Rad1 f6
21. Qe2 Qf7 22. Rd7 Re7 23. Rxe7 Qxe7 24. Qb5 a6 25. Qb6 e5 26. Be3 h6 27. f3
Kh7 28. Rb1 Rc7 29. Bxc5 Rxc5 30. Qxb7 Qxb7 31. Rxb7 Rxc3 32. Rb2 a5 33. Kf2 a4
34. Kg3 g5 35. Rb4 Ra3 36. Rb2 Kg6 37. c4 Rc3 38. Rb4 a3 39. Ra4 e4 40. Ra6 h5
41. Kf2 Rc2+ 42. Ke3 exf3 43. Kxf3 Rxa2 44. c5 Kf5 45. c6 Ke6 46. c7+ Kd7 47.
Rxf6 Kxc7 48. Rf5 Ra1 49. Kg3 Kb6 50. Rf8 Rc1 0-1

[Event "Scottish International Open"]
[Site "Edinburgh, Scotland"]
[Date "2015.07.12"]
[Round "2"]
[White "Arakhamia Grant, Ketevan"]
[Black "Schroer, Marcel"]
[Result "0-1"]
[WhiteElo "2374"]
[BlackElo "2183"]
[PlyCount "147"]
[EventDate "2015.??.??"]
[Source "ChessScotland"]
[SourceDate "2015.07.19"]
[WhiteClock "0:02:15"]
[BlackClock "0:18:24"]

1. e4 d6 2. d4 Nf6 3. Nc3 g6 4. Nf3 Bg7 5. Be3 O-O 6. Qd2 a6 7. Bd3 b5 8. Bh6
Bb7 9. a3 c5 10. d5 Nbd7 11. O-O c4 12. Be2 Nc5 13. Bxg7 Kxg7 14. Qd4 Rc8 15.
Rad1 e5 16. dxe6 Nxe6 17. Qe3 Ng4 18. Qd2 Nf6 19. Nd4 Nxd4 20. Qxd4 Qe7 21.
Rfe1 Rfd8 22. f4 Kg8 23. Bf3 Ne8 24. Re2 Ng7 25. Qf2 Qc7 26. Red2 Ne6 27. Bg4
Rb8 28. f5 Nc5 29. Qf4 Qe7 30. f6 Qf8 31. Bf3 Ne6 32. Qh4 h5 33. Nd5 Qh6 34.
Qf2 Bxd5 35. exd5 Nc5 36. Re2 Qf4 37. Qd4 Qxd4+ 38. Rxd4 Nd7 39. Rf4 Re8 40. h3
Rxe2 41. Bxe2 Re8 42. Kf2 Re5 43. Bf3 g5 44. Rd4 Nxf6 45. b3 cxb3 46. cxb3 Kf8
47. a4 g4 48. hxg4 hxg4 49. Bxg4 Nxg4+ 50. Rxg4 Rxd5 51. Ke3 Ke7 52. axb5 Rxb5
53. b4 Ke6 54. Rc4 Rb6 55. g4 d5 56. Rf4 f6 57. Kd3 Rc6 58. Rf1 Rc4 59. Re1+
Kd6 60. Rf1 Ke5 61. Re1+ Re4 62. Ra1 Rxb4 63. Rxa6 Rxg4 64. Ra8 Rg3+ 65. Ke2 f5
66. Re8+ Kf4 67. Rd8 Re3+ 68. Kf2 Re5 69. Rd7 Ke4 70. Ke2 f4 71. Rd8 d4 72. Kf2
d3 73. Rd7 Rd5 74. Re7+ {Ke5} 0-1

[Event "Scottish International Open"]
[Site "Edinburgh, Scotland"]
[Date "2015.07.12"]
[Round "2"]
[White "Grant, Jonathan I M"]
[Black "McKay, Roderick M"]
[Result "0-1"]
[WhiteElo "2211"]
[BlackElo "2338"]
[PlyCount "86"]
[EventDate "2015.??.??"]
[Source "ChessScotland"]
[SourceDate "2015.07.19"]
[WhiteClock "1:24:20"]
[BlackClock "1:21:46"]

1. c4 e5 2. g3 d6 3. Bg2 f5 4. Nc3 Nf6 5. d3 Be7 6. e4 O-O 7. exf5 Bxf5 8. Bxb7
Nbd7 9. Bxa8 Qxa8 10. Qf3 Nc5 11. Qxa8 Rxa8 12. f3 Nxd3+ 13. Ke2 Nb4 14. Be3
Bd3+ 15. Kd2 Bxc4 16. Nh3 d5 17. b3 Ba6 18. Bg5 Nc6 19. Rhc1 d4 20. Na4 Bb4+
21. Kd1 Bb5 22. a3 Bd6 23. Nc5 Nd5 24. Bd2 Nce7 25. a4 Bc6 26. Ne4 Rb8 27. Nxd6
cxd6 28. Rab1 Rf8 29. Ke2 Nc3+ 30. Bxc3 Bxf3+ 31. Ke1 dxc3 32. Rxc3 Nd5 33. Rc4
Ne3 34. Rc7 Ng2+ 35. Kd2 Bg4 36. Ng1 d5 37. Rxa7 d4 38. b4 e4 39. h3 Rf2+ 40.
Kc1 d3 41. Rb2 e3 42. Kb1 Rf1+ 43. Ka2 Be6+ 0-1

[Event "Scottish International Open"]
[Site "Edinburgh, Scotland"]
[Date "2015.07.12"]
[Round "2"]
[White "Lapidus, Mark"]
[Black "Sreeves, Clement"]
[Result "1/2-1/2"]
[WhiteElo "2202"]
[BlackElo "2333"]
[PlyCount "135"]
[EventDate "2015.??.??"]
[Source "ChessScotland"]
[SourceDate "2015.07.19"]
[WhiteClock "0:02:45"]
[BlackClock "0:01:12"]

1. d4 Nf6 2. c4 g6 3. Nc3 d5 4. e3 Bg7 5. cxd5 Nxd5 6. Bc4 Nb6 7. Bb3 O-O 8.
Nf3 c5 9. O-O cxd4 10. Nxd4 Bd7 11. Qe2 Nc6 12. Nxc6 Bxc6 13. e4 e6 14. Be3 Qe7
15. f3 Rfd8 16. Rfd1 Qb4 17. Qf2 Rxd1+ 18. Rxd1 Nd7 19. Ne2 a5 20. Nd4 Ne5 21.
h3 Be8 22. a3 Qe7 23. f4 Nc6 24. Nb5 Rd8 25. Rd2 Rxd2 26. Qxd2 Qd7 27. Nd6 e5
28. Nxf7 Qxd2 29. Nxe5+ Kf8 30. Bxd2 Nxe5 31. fxe5 Bxe5 32. Bxa5 Bxb2 33. Bb4+
Kg7 34. Kf2 Kf6 35. Bd5 b6 36. Bf8 Bd4+ 37. Kf3 Ba4 38. Bc4 Bd1+ 39. Be2 Ba4
40. g4 g5 41. Bd6 Bc2 42. Bg3 Bb2 43. Bc7 Bxa3 44. e5+ Ke7 45. Bxb6 Ke6 46. Bd8
Bc1 47. Bf6 Kd5 48. Ba6 Bd1+ 49. Kf2 Bb2 50. Bb7+ Ke6 51. Bc8+ Kd5 52. Bxg5
Bxe5 53. Bh6 Bc2 54. Kf3 Be4+ 55. Ke3 Bg6 56. h4 Bb2 57. Kf3 Be4+ 58. Kg3 Be5+
59. Bf4 Bc2 60. g5 Bd3 61. Kf3 Be2+ 62. Ke3 Bh5 63. Bb7+ Ke6 64. Bg2 Bxf4+ 65.
Kxf4 Kf7 66. Bf3 Bxf3 67. Kxf3 h6 68. Kg4 1/2-1/2

[Event "Scottish International Open"]
[Site "Edinburgh, Scotland"]
[Date "2015.07.12"]
[Round "2"]
[White "Pritchett, Craig William"]
[Black "Green, Andrew D"]
[Result "1/2-1/2"]
[WhiteElo "2324"]
[BlackElo "2173"]
[PlyCount "134"]
[EventDate "2015.??.??"]
[Source "ChessScotland"]
[SourceDate "2015.07.19"]
[WhiteClock "0:06:53"]
[BlackClock "0:02:45"]

1. Nf3 Nf6 2. c4 b6 3. g3 Bb7 4. Bg2 g6 5. O-O Bg7 6. Nc3 O-O 7. Re1 c5 8. e4
d6 9. d4 cxd4 10. Nxd4 Nbd7 11. b3 Ne8 12. Bb2 Rc8 13. Qd2 Nc7 14. Rad1 Ne6 15.
Nxe6 fxe6 16. Nb5 e5 17. Bh3 Nc5 18. Nc3 Rc7 19. Nd5 Rc6 20. Ba3 Bc8 21. Bxc8
Rxc8 22. Qg5 Bf6 23. Qg4 Qd7 24. Qxd7 Nxd7 25. Bc1 Nc5 26. Kg2 Rf7 27. f3 Ne6
28. Nxf6+ Rxf6 29. Be3 g5 30. Re2 h6 31. Rf2 Kg7 32. Kf1 Rff8 33. Ke2 Rc6 34.
Rff1 Kg6 35. Rh1 a6 36. h4 b5 37. hxg5 hxg5 38. cxb5 axb5 39. Rhg1 Rc2+ 40. Rd2
Rxd2+ 41. Kxd2 Rxf3 42. a4 bxa4 43. bxa4 Nd4 44. a5 Nb3+ 45. Ke2 Rxe3+ 46. Kxe3
Nxa5 47. g4 Nb3 48. Rf1 Nc5 49. Rf8 Ne6 50. Ra8 Nf4 51. Rg8+ Kf6 52. Rf8+ Kg7
53. Re8 Kf7 54. Rd8 Kg7 55. Re8 e6 56. Re7+ Kf6 57. Rd7 d5 58. Kf3 d4 59. Ra7
Kg6 60. Re7 Kf6 61. Ra7 Ng6 62. Rd7 Nh4+ 63. Kg3 Ng6 64. Kf3 Ne7 65. Rd6 Kf7
66. Rd7 Kf6 67. Rd6 Ng6 1/2-1/2

[Event "Scottish International Open"]
[Site "Edinburgh, Scotland"]
[Date "2015.07.12"]
[Round "2"]
[White "Edwards, Jonathan"]
[Black "Rooze, Jan"]
[Result "0-1"]
[WhiteElo "2182"]
[BlackElo "2316"]
[PlyCount "70"]
[EventDate "2015.??.??"]
[Source "ChessScotland"]
[SourceDate "2015.07.19"]
[WhiteClock "0:00:47"]
[BlackClock "0:07:16"]

1. e4 c5 2. Nf3 e6 3. d4 cxd4 4. Nxd4 a6 5. Nc3 Qc7 6. Be2 Nc6 7. Be3 Nf6 8.
O-O Be7 9. f4 d6 10. Qe1 O-O 11. Rd1 Nxd4 12. Bxd4 b5 13. e5 dxe5 14. fxe5 Nd7
15. Bf3 Bb7 16. Bxb7 Qxb7 17. Ne4 Rad8 18. Qe3 Nb8 19. Nf6+ Kh8 20. Rf3 gxf6
21. exf6 Bc5 22. Rh3 Rxd4 23. Rxd4 Bxd4 24. Qxd4 Rg8 25. Rxh7+ Kxh7 26. Qh4+
Kg6 27. Qg4+ Kxf6 28. Qxg8 Qe4 29. Qd8+ Kf5 30. h3 Nc6 31. g4+ Kf4 32. Qc7+ Ne5
33. a4 Kg3 34. Kf1 bxa4 35. g5 Qc4+ 0-1

[Event "Scottish International Open"]
[Site "Edinburgh, Scotland"]
[Date "2015.07.12"]
[Round "2"]
[White "Tate, Alan"]
[Black "Rubio, Luis"]
[Result "1-0"]
[WhiteElo "2335"]
[BlackElo "1826"]
[PlyCount "75"]
[EventDate "2015.??.??"]
[Source "ChessScotland"]
[SourceDate "2015.07.19"]
[WhiteClock "0:03:24"]
[BlackClock "0:03:22"]

1. e4 c5 2. Nf3 g6 3. c4 Bg7 4. d4 Nc6 5. d5 Nd4 6. Nc3 d6 7. h3 a6 8. Be2 e5
9. dxe6 fxe6 10. O-O Ne7 11. Bg5 h6 12. Be3 e5 13. Qd2 Be6 14. Nh2 Nxe2+ 15.
Qxe2 Nc6 16. Nd5 Nd4 17. Bxd4 exd4 18. Qf3 Bf7 19. Qb3 Rb8 20. a4 O-O 21. a5
Kh7 22. Qd3 g5 23. Ng4 h5 24. Nh2 Bg6 25. f4 gxf4 26. Nxf4 Rxf4 27. Rxf4 Qe7
28. Raf1 Rg8 29. Qf3 Qg5 30. h4 Qe7 31. Qh3 Bh6 32. Rf6 Be3+ 33. Kh1 Rg7 34.
Re6 Qd8 35. Ra1 Qd7 36. Nf3 Bf7 37. Rh6+ Bxh6 38. Qxd7 1-0

[Event "Scottish International Open"]
[Site "Edinburgh, Scotland"]
[Date "2015.07.12"]
[Round "2"]
[White "Olson, Hamish"]
[Black "Smith, Stephen H"]
[Result "1-0"]
[WhiteElo "2079"]
[BlackElo "1803"]
[PlyCount "87"]
[EventDate "2015.??.??"]
[Source "ChessScotland"]
[SourceDate "2015.07.19"]
[WhiteClock "0:27:31"]
[BlackClock "0:31:10"]

1. c4 Nf6 2. g3 e6 3. Bg2 d5 4. Nf3 Be7 5. O-O O-O 6. b3 c6 7. Bb2 Nbd7 8. Nc3
Nb6 9. cxd5 exd5 10. e3 Bf5 11. d3 Qc8 12. Qc2 Bh3 13. e4 Bxg2 14. Kxg2 dxe4
15. dxe4 Rd8 16. Rad1 Rxd1 17. Rxd1 Qf8 18. e5 Nfd5 19. Ne4 Rd8 20. Qe2 Nc7 21.
Nd4 g6 22. Re1 Nbd5 23. h4 c5 24. Nb5 Nxb5 25. Qxb5 b6 26. Nf6+ Bxf6 27. exf6
Nc7 28. Qc4 Rd7 29. h5 Qa8+ 30. Qe4 Qxe4+ 31. Rxe4 Ne6 32. Re2 Kf8 33. f4 Rd5
34. hxg6 hxg6 35. Be5 Ke8 36. g4 Kd8 37. Kf3 Rd7 38. Rh2 Kc8 39. Rh8+ Kb7 40.
Ke4 Ka6 41. Re8 Kb5 42. Rxe6 fxe6 43. Bc3 Kc6 44. Ke5 {Kd5# Ke4+} 1-0

[Event "Scottish International Open"]
[Site "Edinburgh, Scotland"]
[Date "2015.07.12"]
[Round "2"]
[White "Irving, Neil"]
[Black "MacQueen, Calum"]
[Result "0-1"]
[WhiteElo "1801"]
[BlackElo "2232"]
[PlyCount "162"]
[EventDate "2015.??.??"]
[Source "ChessScotland"]
[SourceDate "2015.07.19"]
[WhiteClock "0:04:14"]
[BlackClock "0:18:28"]

1. Nf3 d5 2. c4 e6 3. g3 Nf6 4. Bg2 Be7 5. O-O O-O 6. d4 c6 7. Qc2 a5 8. Nbd2
b5 9. c5 Nbd7 10. e4 dxe4 11. Nxe4 Nd5 12. Re1 Qc7 13. Neg5 N7f6 14. Ne5 h6 15.
Ngxf7 Rxf7 16. Nxf7 Kxf7 17. Bd2 Bd7 18. h4 Re8 19. a3 Bf8 20. b4 a4 21. Re2 e5
22. dxe5 Rxe5 23. Rxe5 Qxe5 24. Re1 Qd4 25. Bc1 Be7 26. Bb2 Qg4 27. Qe2 Qxe2
28. Rxe2 Be6 29. Bf3 h5 30. Kg2 Bg4 31. Re1 Bxf3+ 32. Kxf3 Ng4 33. Kg2 Bf6 34.
Bxf6 gxf6 35. Re2 Ne5 36. Rd2 Nc4 37. Rd3 Ke6 38. Kf1 Ke5 39. Ke2 f5 40. f3 f4
41. g4 Nce3 42. gxh5 Nf5 43. Kf2 Kf6 44. Rd1 Nxh4 45. Rg1 Ne7 46. Rg4 Nhf5 47.
Rxf4 Kg5 48. Rg4+ Kxh5 49. Rg1 Ng6 50. Ke2 Nf4+ 51. Kd2 Kh6 52. Rg8 Kh7 53. Rc8
Ne7 54. Rc7 Nfd5 55. Rd7 Kg6 56. Kd3 Kf5 57. Kd4 Kf4 58. Rd8 Nf5+ 59. Kd3 Kxf3
60. Re8 Nf4+ 61. Kc3 Ng6 62. Re6 Nfe7 63. Kd4 Kf4 64. Rf6+ Nf5+ 65. Kc3 Ne5 66.
Rf8 Ke4 67. Rd8 Ne7 68. Rh8 Nd5+ 69. Kb2 Nc4+ 70. Ka1 Nxa3 71. Rh4+ Kd3 72.
Rh3+ Ne3 73. Ka2 Nac2 74. Rh4 Kc3 75. Re4 Nxb4+ 76. Ka1 Nbc2+ 77. Ka2 b4 78.
Kb1 a3 79. Kc1 b3 80. Re5 a2 81. Rxe3+ Kd4 0-1

[Event "Scottish International Open"]
[Site "Edinburgh, Scotland"]
[Date "2015.07.12"]
[Round "2"]
[White "Van den Ouden, Lendert"]
[Black "Brown, Allan D"]
[Result "1-0"]
[WhiteElo "2077"]
[BlackElo "1798"]
[PlyCount "85"]
[EventDate "2015.??.??"]
[Source "ChessScotland"]
[SourceDate "2015.07.19"]
[WhiteClock "0:33:31"]
[BlackClock "0:12:01"]

1. c3 Nf6 2. d4 d5 3. Nf3 e6 4. c4 c6 5. cxd5 exd5 6. g3 Bd6 7. Bg2 O-O 8. O-O
Re8 9. Nc3 Nbd7 10. Bf4 Qc7 11. Bxd6 Qxd6 12. Rc1 Ne4 13. e3 Ndf6 14. Nxe4 dxe4
15. Ne5 Bf5 16. Qc2 Nd5 17. Bxe4 Bxe4 18. Qxe4 f6 19. Nc4 Qd7 20. Qf3 Rad8 21.
Rfd1 Qe6 22. a3 g5 23. Nd2 f5 24. Nc4 g4 25. Qg2 Re7 26. Ne5 Qh6 27. e4 fxe4
28. Nxg4 Qg5 29. Ne5 e3 30. f4 Qf5 31. Qe2 Rg7 32. Kh1 Re8 33. Qf3 Re6 34. Rc5
Rd6 35. Re1 b6 36. Rxc6 Rxc6 37. Qxd5+ Re6 38. g4 Rxg4 39. Qd8+ Kg7 40. Nxg4
Qe4+ 41. Kg1 Rg6 42. Qd7+ Kg8 43. Rc1 1-0

[Event "Scottish International Open"]
[Site "Edinburgh, Scotland"]
[Date "2015.07.12"]
[Round "2"]
[White "Milton, Carl"]
[Black "Morriss, Pete"]
[Result "0-1"]
[WhiteElo "1777"]
[BlackElo "2075"]
[PlyCount "77"]
[EventDate "2015.??.??"]
[Source "ChessScotland"]
[SourceDate "2015.07.19"]
[WhiteClock "0:02:41"]
[BlackClock "0:03:30"]

1. d4 Nf6 2. c4 c5 3. d5 b5 4. cxb5 a6 5. bxa6 g6 6. Nc3 Bxa6 7. Nf3 d6 8. g3
Bg7 9. Bg2 Nbd7 10. Rb1 Nb6 11. b3 Bb7 12. Nh4 Nfd7 13. Bb2 O-O 14. O-O Ne5 15.
a4 Qd7 16. Ra1 Rfb8 17. Qd2 Ba6 18. Ra3 Nbc4 19. Qc2 Nxb2 20. Re1 Qb7 21. Rb1
Nbd3 22. exd3 Bxd3 23. Qc1 Bxb1 24. Nxb1 c4 25. Nd2 cxb3 26. Rxb3 Qa7 27. Ra3
Ng4 28. Ne4 Rb2 29. Qf4 f5 30. Rf3 Qxa4 31. Nxf5 Rb1+ 32. Bf1 gxf5 33. Qxf5 Ne5
34. Ng5 Nxf3+ 35. Qxf3 Qc4 36. Qf7+ Kh8 37. Kg2 Qxf1+ 38. Kf3 Rf8 39. Kg4 0-1

[Event "Scottish International Open"]
[Site "Edinburgh, Scotland"]
[Date "2015.07.12"]
[Round "2"]
[White "Birkett, Richard"]
[Black "Jennings, Richard"]
[Result "0-1"]
[WhiteElo "2058"]
[BlackElo "1767"]
[PlyCount "92"]
[EventDate "2015.??.??"]
[Source "ChessScotland"]
[SourceDate "2015.07.19"]

1. e4 Nf6 2. d3 e5 3. g3 Bc5 4. Bg2 d6 5. h3 Nc6 6. Ne2 a6 7. Nbc3 Bd7 8. a4 h6
9. g4 Bxg4 10. hxg4 Nxg4 11. d4 Nxf2 12. Kxf2 exd4 13. Nd5 d3+ 14. Kf1 dxe2+
15. Qxe2 Nd4 16. Qg4 Ne6 17. b4 Bd4 18. c3 Be5 19. Be3 Qd7 20. Kf2 a5 21. Bf1
axb4 22. Bb5 c6 23. Nb6 Qd8 24. Nxa8 Bxc3 25. Bc4 Qf6+ 26. Kg2 Bxa1 27. Bxe6
fxe6 28. Rxa1 O-O 29. Rb1 Rxa8 30. Rxb4 b5 31. Rb1 Rxa4 32. Rf1 Ra2+ 33. Kg1
Qe5 34. Qh4 Re2 35. Bxh6 Rxe4 36. Bf4 Qd4+ 37. Kg2 Re2+ 38. Kg3 Qd3+ 39. Rf3
Qg6+ 40. Bg5 Re5 41. Kg4 Re4+ 42. Rf4 e5 43. Rxe4 Qxe4+ 44. Kg3 Qxh4+ 45. Bxh4
Kf7 46. Kf3 Ke6 0-1

[Event "Scottish International Open"]
[Site "Edinburgh, Scotland"]
[Date "2015.07.12"]
[Round "2"]
[White "MacGilchrist, Siegrun"]
[Black "Kafka, Graeme"]
[Result "0-1"]
[WhiteElo "1746"]
[BlackElo "2042"]
[PlyCount "80"]
[EventDate "2015.??.??"]
[Source "ChessScotland"]
[SourceDate "2015.07.19"]

1. c4 c5 2. g3 Nc6 3. Nc3 g6 4. Bg2 Bg7 5. Nf3 e5 6. e4 Nge7 7. d3 d6 8. O-O
O-O 9. Bg5 h6 10. Bd2 Kh7 11. Ne1 f5 12. f4 fxe4 13. dxe4 Be6 14. Nd5 exf4 15.
Rxf4 Rxf4 16. Bxf4 Bxb2 17. Rb1 Bd4+ 18. Be3 Bxd5 19. Bxd4 Nxd4 20. exd5 b6 21.
Qd3 Nef5 22. Be4 Qg5 23. Ng2 Re8 24. Rf1 Kg7 25. Nf4 Re5 26. Bxf5 Rxf5 27. Qa3
a5 28. Qb2 Qf6 29. Qxb6 Ne2+ 30. Kg2 Nxf4+ 31. Rxf4 Rxf4 32. gxf4 Qxf4 33. Qc7+
Kf6 34. Qd8+ Ke5 35. Qh8+ Kf5 36. Qf8+ Ke4 37. Qe8+ Kd3 38. Qxg6+ Qe4+ 39.
Qxe4+ Kxe4 40. Kg3 Kd4 0-1

[Event "Scottish International Open"]
[Site "Edinburgh, Scotland"]
[Date "2015.07.12"]
[Round "2"]
[White "Palaniswamy, Raja S"]
[Black "Graham, Alan"]
[Result "1/2-1/2"]
[WhiteElo "2034"]
[BlackElo "1739"]
[PlyCount "81"]
[EventDate "2015.??.??"]
[Source "ChessScotland"]
[SourceDate "2015.07.19"]

1. e4 c6 2. d4 d5 3. Nc3 dxe4 4. Nxe4 Bf5 5. Ng3 Bg6 6. h4 h6 7. Nf3 Nd7 8. h5
Bh7 9. Bc4 e6 10. Qe2 Ngf6 11. Bf4 Nd5 12. Bxd5 cxd5 13. O-O Qb6 14. b3 Bd6 15.
Be3 Qc7 16. c4 dxc4 17. bxc4 O-O 18. Rac1 Bxg3 19. fxg3 Qxg3 20. Nh2 Qc7 21.
Ng4 Kh8 22. Rc3 Bf5 23. Bf4 Bxg4 24. Qxg4 Nf6 25. Qh4 Qd8 26. Bxh6 Nh7 27. Qxd8
Raxd8 28. Be3 Nf6 29. h6 Ne4 30. Ra3 a6 31. hxg7+ Kxg7 32. Rf4 f5 33. Rh4 Rh8
34. Rxh8 Kxh8 35. Ra5 Kg7 36. d5 exd5 37. cxd5 Rd6 38. Bf4 Rb6 39. d6 Nxd6 40.
Bxd6 Rxd6 41. Rxf5 1/2-1/2

[Event "Scottish International Open"]
[Site "Edinburgh, Scotland"]
[Date "2015.07.12"]
[Round "2"]
[White "McAndrew, Robert"]
[Black "Roth, Michael J"]
[Result "1-0"]
[WhiteElo "2016"]
[BlackElo "1714"]
[PlyCount "69"]
[EventDate "2015.??.??"]
[Source "ChessScotland"]
[SourceDate "2015.07.19"]

1. d4 Nf6 2. Nf3 e6 3. g3 d5 4. Bg2 Bd6 5. O-O b6 6. c4 Nbd7 7. cxd5 exd5 8.
Nc3 O-O 9. Nh4 c6 10. Nf5 Bc7 11. Bg5 h6 12. Bf4 Bxf4 13. gxf4 Re8 14. Rc1 Nf8
15. Ng3 Ne6 16. e3 Ba6 17. Re1 Qd7 18. h4 Nc7 19. Nh5 Qf5 20. Nxf6+ Qxf6 21.
Qg4 Bd3 22. Bh3 Re7 23. Red1 Bh7 24. Kh2 Qg6 25. Ne2 Qxg4 26. Bxg4 Be4 27. Rxc6
Ne8 28. Ng3 Nf6 29. Be2 Rae8 30. Nh5 Nd7 31. Rg1 Bg6 32. Nxg7 Kxg7 33. h5 Nf6
34. hxg6 fxg6 35. Bd3 1-0

[Event "Scottish International Open"]
[Site "Edinburgh, Scotland"]
[Date "2015.07.12"]
[Round "2"]
[White "Begg, David"]
[Black "Stevenson, Jim"]
[Result "1/2-1/2"]
[WhiteElo "1706"]
[BlackElo "2028"]
[PlyCount "100"]
[EventDate "2015.??.??"]
[Source "ChessScotland"]
[SourceDate "2015.07.19"]

1. d4 Nf6 2. Nf3 g6 3. Nc3 Bg7 4. e4 d6 5. Be3 c6 6. Qd2 Qa5 7. Bd3 Bg4 8. Ne2
Qxd2+ 9. Bxd2 Bxf3 10. gxf3 e5 11. c3 Nbd7 12. f4 O-O 13. fxe5 dxe5 14. O-O-O
Rfe8 15. f3 a5 16. Bc2 Nh5 17. f4 exd4 18. Nxd4 Nc5 19. Rhe1 Rad8 20. e5 Bh6
21. f5 Bxd2+ 22. Rxd2 Nf4 23. b4 axb4 24. cxb4 Ncd3+ 25. Bxd3 Rxd4 26. Bc2 Rxd2
27. Kxd2 Rd8+ 28. Kc3 Nd5+ 29. Kb3 Re8 30. Kc4 gxf5 31. Bxf5 Ne7 32. Bd7 Ra8
33. Re2 Ra3 34. Kc5 Rd3 35. e6 Rd5+ 36. Kc4 Rg5 37. a4 fxe6 38. Bxe6+ Kf8 39.
a5 Ng6 40. Bc8 Rb5 41. Re4 Ne7 42. Bd7 Nd5 43. Kb3 Nf6 44. Rf4 Ke7 45. Bf5 h6
46. h4 Re5 47. Bc8 Rb5 48. Bf5 Re5 49. Bc8 Rb5 50. Bf5 Re5 1/2-1/2

[Event "Scottish International Open"]
[Site "Edinburgh, Scotland"]
[Date "2015.07.12"]
[Round "2"]
[White "Burnett, Walter"]
[Black "Veelenturf, Wim"]
[Result "1-0"]
[WhiteElo "1983"]
[BlackElo "1697"]
[PlyCount "49"]
[EventDate "2015.??.??"]
[Source "ChessScotland"]
[SourceDate "2015.07.19"]

1. f4 d5 2. Nf3 Nf6 3. g3 c6 4. Bg2 g6 5. c3 Bg7 6. O-O O-O 7. Na3 Re8 8. d3
Bg4 9. Ne5 Nbd7 10. Nxg4 Nxg4 11. e4 h5 12. exd5 cxd5 13. f5 Ndf6 14. fxg6 fxg6
15. Qb3 Qd7 16. h3 Ne5 17. d4 Nf7 18. Bf4 Rad8 19. Nb5 g5 20. Be5 a6 21. Nc7
Rf8 22. Qb6 Nxe5 23. dxe5 Ne4 24. Rfd1 Bxe5 25. Qg6+ 1-0

[Event "Scottish International Open"]
[Site "Edinburgh, Scotland"]
[Date "2015.07.12"]
[Round "2"]
[White "MacRae, James S"]
[Black "Bhopal, Raj"]
[Result "0-1"]
[WhiteElo "1689"]
[BlackElo "2006"]
[PlyCount "52"]
[EventDate "2015.??.??"]
[Source "ChessScotland"]
[SourceDate "2015.07.19"]

1. e4 c5 2. Nf3 d6 3. d4 cxd4 4. Nxd4 Nf6 5. Nc3 a6 6. Be2 e5 7. Nf3 Be7 8. O-O
O-O 9. Bg5 Nbd7 10. Re1 b5 11. Qd2 Bb7 12. Bd3 h6 13. Be3 Rc8 14. h3 b4 15. Na4
d5 16. Bxh6 Nxe4 17. Bxe4 dxe4 18. Nxe5 Nxe5 19. Qxd8 Rfxd8 20. Be3 Nc4 21. Bf4
Bc6 22. b3 Bxa4 23. Rxe4 Bf6 24. Rae1 g5 25. Bc1 Nd6 26. Rxb4 Bc3 0-1

[Event "Scottish International Open"]
[Site "Edinburgh, Scotland"]
[Date "2015.07.12"]
[Round "2"]
[White "Doyle, James"]
[Black "Heathwood, Richard"]
[Result "1-0"]
[WhiteElo "1962"]
[BlackElo "1672"]
[PlyCount "44"]
[EventDate "2015.??.??"]
[Source "ChessScotland"]
[SourceDate "2015.07.19"]

1. d4 d5 2. c4 e6 3. Nc3 Nf6 4. Bf4 c6 5. a4 Qa5 6. e3 Bb4 7. Nge2 dxc4 8. Qc2
Nd5 9. Bg3 Bxc3+ 10. bxc3 b5 11. e4 Nf6 12. Bd6 Nbd7 13. Ng3 Bb7 14. Be2 a6 15.
O-O Qb6 16. e5 Nd5 17. Ne4 f5 18. Ng5 Nf4 19. Nxe6 Nxe6 20. Qxf5 Ndf8 21. Bh5+
g6 22. Qf6 gxh5 1-0

[Event "Scottish International Open"]
[Site "Edinburgh, Scotland"]
[Date "2015.07.12"]
[Round "2"]
[White "Nisbet, Charles"]
[Black "Brown, Alan M"]
[Result "0-1"]
[WhiteElo "1636"]
[BlackElo "2082"]
[PlyCount "90"]
[EventDate "2015.??.??"]
[Source "ChessScotland"]
[SourceDate "2015.07.19"]

1. e4 e6 2. b3 d5 3. Bb2 dxe4 4. Nc3 Nf6 5. Qe2 Be7 6. O-O-O O-O 7. f3 Nc6 8.
fxe4 Nd4 9. Qe1 e5 10. Nf3 Bg4 11. Qg3 Re8 12. Re1 Bxf3 13. gxf3 Nh5 14. Qg4
Nf4 15. Rg1 g6 16. Nd5 Bh4 17. Nxf4 Bxe1 18. Nd3 Bh4 19. f4 exf4 20. e5 Ne6 21.
Qf3 c6 22. Bg2 Bg5 23. Bh3 Bh6 24. Bf1 Qa5 25. h4 Rad8 26. h5 Bg7 27. hxg6 hxg6
28. Bh3 Qd5 29. Qf2 f3 30. Rg3 Nd4 31. Bxd4 Qxd4 32. Qxd4 Rxd4 33. Rxf3 Bxe5
34. Nxe5 Rxe5 35. d3 Rd8 36. Kb2 Kg7 37. Rf4 Re3 38. Bg2 Re2 39. Bf1 Re1 40.
Bg2 f5 41. Rb4 Rd7 42. a4 Re2 43. Bf3 Rf2 44. Bh1 Kf6 45. Rh4 Rxd3 0-1

[Event "Scottish International Open"]
[Site "Edinburgh, Scotland"]
[Date "2015.07.12"]
[Round "2"]
[White "Lawson, Robert"]
[Black "O`Neil, Jim"]
[Result "1-0"]
[WhiteElo "1628"]
[BlackElo "1967"]
[PlyCount "77"]
[EventDate "2015.??.??"]
[Source "ChessScotland"]
[SourceDate "2015.07.19"]

1. d4 Nf6 2. Nf3 g6 3. e3 Bg7 4. c4 O-O 5. Nc3 d6 6. Bd3 Nbd7 7. O-O e5 8. Qc2
Re8 9. b4 a5 10. bxa5 Rxa5 11. Bd2 Ra8 12. a4 b6 13. Ne4 Bb7 14. Nxf6+ Nxf6 15.
dxe5 dxe5 16. e4 Nd7 17. Bb4 f5 18. Rfe1 Nf6 19. Rad1 Qc8 20. c5 Kh8 21. c6 Ba6
22. Bxa6 Qxa6 23. exf5 Qxa4 24. Qc4 b5 25. Qc3 Ne4 26. Qb2 Nd6 27. Ra1 Nc4 28.
Qc3 Qxa1 29. Rxa1 Rxa1+ 30. Qxa1 gxf5 31. Bc3 Kg8 32. g3 Bf8 33. Qa2 Kg7 34.
Nd2 Nd6 35. Qd5 Kg6 36. Bxe5 Nc4 37. Nxc4 bxc4 38. Qg8+ Kh5 39. Qf7+ 1-0

[Event "Scottish International Open"]
[Site "Edinburgh, Scotland"]
[Date "2015.07.12"]
[Round "2"]
[White "Walker, Duncan"]
[Black "Underwood, James Robert"]
[Result "1-0"]
[WhiteElo "1954"]
[BlackElo "1534"]
[PlyCount "59"]
[EventDate "2015.??.??"]
[Source "ChessScotland"]
[SourceDate "2015.07.19"]

1. c4 Nf6 2. Nc3 e6 3. g3 d5 4. cxd5 exd5 5. d4 c6 6. Bg2 Bd6 7. Qc2 O-O 8. Nf3
Re8 9. Nh4 Qe7 10. Bg5 h6 11. Bxf6 Qxf6 12. Rd1 Bg4 13. O-O Bh5 14. Rfe1 Nd7
15. Bh3 Nf8 16. a3 g5 17. Nf5 g4 18. Nxd6 Qxd6 19. Qf5 Qg6 20. Qxg6+ Nxg6 21.
Bg2 f5 22. e3 Nf8 23. b4 a6 24. a4 b5 25. Ra1 Nd7 26. axb5 axb5 27. Rxa8 Rxa8
28. Nxd5 Kf8 29. Nf4 Be8 30. Bxc6 1-0